| 000 | 00448nab a2200145Ia 4500 | ||
|---|---|---|---|
| 003 | ES-SlBCS | ||
| 005 | 20210601133826.0 | ||
| 008 | 140529s1986 xxu||||| |||| 00| 0 por d | ||
| 041 | _apor | ||
| 100 | 1 |
_aMercadante, Paulo _9210238 |
|
| 245 | 0 | 0 |
_aRelativismo Ético e Político no Brasil _c Paulo Mercadante |
| 650 | 0 | 4 |
_aRelativismo Ético _9155936 |
| 773 | 0 |
_tPresença Filosofica _gvol. 12, nº. 1-2-3-4, 1986, págs. 72-78 _wRev966 |
|
| 942 | _cAR | ||
| 999 |
_c602733 _d602733 |
||